000 00912 a2200181 4500
003 Nust
005 20230119103104.0
040 _cNust
082 _a355.3095491,ZUB
100 _aZuberi, M. Aslam
_9107040
245 _aHistory of the Corps of Signals Pakistan Army
_cMaj Gen Muhammad Aslam Zuberi
260 _apakistan
_bArmy Edu press
_c1995
300 _axv,344, p:
505 _aThe Antecedent of The Crops Signals (Page-1), The Pakistan Crops of Signals the Beginning (Page34), Expansion the Crops (Page-67), Institutions of the Crops (Page-82), Building the Crops (Page-112), Consolidation 1955-1962 (Page-138), Inter War Years (Page-203), War with India (Page-218), Post 1971 War Reconstruction (Page-232), Modernization Plans (Page-246), Execution of Modernization Plans (Page-257).
600 _aMuhammad Aslam Zuberi
_9107036
650 _aPakistan Army
_937942
942 _2ddc
_cBK
_k355.3095491,ZUB
999 _c185700
_d185700